Clubs ayant gagné une seule fois leur championnat national - Statistiques

Statistiques générales
  • Ce quiz a été pris 40 fois
  • Le résultat moyen est 9 sur 34
Statistiques - réponses
Championnat Année Réponse % Correct
Ligue 1 2012 Montpellier HSC
95%
Premier League 2016 Leicester City
89%
Ligue 1 1998 RC Lens
89%
Bundesliga 2024 Bayer 04 Leverkusen
81%
Ligue 1 1996 AJ Auxerre
73%
Ligue 1 1979 RC Strasbourg
68%
LaLiga 2000 Deportivo La Corogne
65%
Premier League 1978 Nottingham Forest
51%
Bundesliga 2009 VfL Wolfsburg
51%
Ligue 1 1947 CO Roubaix-Tourcoing
38%
Serie A 1985 Hellas Verone
35%
Serie A 1991 UC Sampdoria
35%
LaLiga 1935 Real Betis Séville
30%
Serie A 1970 Cagliari Calcio
27%
LaLiga 1946 Séville FC
22%
Bundesliga 1959 Eintracht Francfort
19%
Ligue 1 1933 Olympique Lillois
16%
Premier League 1898 Sheffield United FC
14%
Bundesliga 1966 TSV 1860 Munich
11%
Premier League 1962 Ipswich Town FC
8%
Bundesliga 1933 Fortuna Düsseldorf
5%
Bundesliga 1912 Holstein Kiel
3%
Ligue 1 1936 Racing Club de France
3%
Bundesliga 1955 Rot-Weiss Essen
3%
Premier League 1920 West Bromwich Albion
3%
Serie A 1914 AS Casale
0%
Bundesliga 1967 Eintracht Brunswick
0%
Bundesliga 1907 Freiburger FC
0%
Bundesliga 1910 Karlsruher FV
0%
Bundesliga 1909 Karlsruher SC
0%
Bundesliga 1941 Rapid Vienne
0%
Bundesliga 1905 SpVg Blau-Weiss 90 Berlin
0%
Serie A 1922 USD Novese
0%
Bundesliga 1949 VfR Mannheim
0%
Aucun quiz correspondant
Distribution des résultats
% des personnes avec chaque résultat
Percentile par nombre de réponses
Votre historique - résultats
Vous n’avez pas pris ce quiz